[Event "50th World Juniors"]
[Site "Chennai IND"]
[Date "2011.08.02"]
[Round "1.2"]
[White "Sjugirov, Sanan"]
[Black "Rojas Alarcon, Julian Antonio"]
[Result "1-0"]
[WhiteTitle "GM"]
[BlackTitle "FM"]
[WhiteElo "2629"]
[BlackElo "2291"]
[WhiteFideId "4189302"]
[BlackFideId "5107407"]
[EventDate "2011.08.02"]

1. e4 e5 2. Nf3 Nf6 3. Nxe5 d6 4. Nf3 Nxe4 5. d4 d5 6. Bd3 Nc6 7. O-O Be7 8. Nc3
Bf5 9. Re1 Nxc3 10. bxc3 Bxd3 11. Qxd3 O-O 12. Rb1 b6 13. c4 dxc4 14. Qe4 Bb4
15. Ng5 f5 16. Qxc6 Bxe1 17. Qe6+ Kh8 18. Qxe1 Re8 19. Be3 Qd5 20. Qd1 h6 21.
Nf3 Rad8 22. Bf4 c5 23. Be5 c3 24. Qc1 Kg8 25. Qa3 cxd4 26. Bxd4 Re4 27. Rd1 Qc4
28. Qb3 Qxb3 29. axb3 g5 30. Rd3 Re2 31. Bxc3 Rxd3 32. cxd3 Rc2 33. Be1 a5 34.
Nd4 Rb2 35. Kf1 f4 36. Bc3 Ra2 37. h3 Kf7 38. Nb5 Ke6 39. Nd4+ Kd5 1-0

[Event "50th World Juniors"]
[Site "Chennai IND"]
[Date "2011.08.02"]
[Round "1.3"]
[White "Aaron, Deepak"]
[Black "Salgado Lopez, Ivan"]
[Result "0-1"]
[BlackTitle "GM"]
[WhiteElo "2288"]
[BlackElo "2626"]
[WhiteFideId "2009412"]
[BlackFideId "2257327"]
[EventDate "2011.08.02"]

1. e4 c5 2. Nf3 e6 3. d4 cxd4 4. Nxd4 Nf6 5. Nc3 d6 6. Bc4 Be7 7. Bb3 O-O 8. Be3
Na6 9. f3 Nc5 10. Qd2 a6 11. g4 Qc7 12. g5 Nfd7 13. O-O-O b5 14. h4 Ne5 15. g6
b4 16. Nce2 a5 17. gxf7+ Rxf7 18. Nb5 Qb8 19. Bxc5 dxc5 20. a4 Rxf3 21. Rhg1
Rxb3 22. cxb3 Nf3 23. Qh6 Nxg1 24. Rxg1 Qe5 25. Nf4 Bf6 26. Nd3 Qh2 27. Qe3 c4
28. bxc4 b3 29. Qf2 Qxf2 30. Nxf2 Bxh4 31. Nd3 Bb7 32. Rg4 Be7 33. Nc7 Rc8 34.
Nxe6 Rxc4+ 35. Kd2 g6 36. Rg1 Bxe4 37. Ne5 Rc2+ 38. Ke3 Bd5 39. Nd4 Rxb2 0-1

[Event "50th World Juniors"]
[Site "Chennai IND"]
[Date "2011.08.02"]
[Round "1.5"]
[White "Kozganbayev, Erken"]
[Black "Nabaty, Tamir"]
[Result "0-1"]
[BlackTitle "GM"]
[WhiteElo "2284"]
[BlackElo "2584"]
[WhiteFideId "13703773"]
[BlackFideId "2809052"]
[EventDate "2011.08.02"]

1. e4 e5 2. Nf3 Nc6 3. Bb5 a6 4. Ba4 Bc5 5. O-O Nf6 6. d3 d6 7. c3 O-O 8. Bxc6
bxc6 9. Be3 Bxe3 10. fxe3 Qe7 11. Nbd2 d5 12. exd5 cxd5 13. d4 Ng4 14. Qe2 exd4
15. cxd4 Qxe3+ 16. Qxe3 Nxe3 17. Rfc1 Rb8 18. b3 Bf5 19. Rc3 Nc2 20. Rc1 Nb4 21.
Ra1 Rfe8 22. Rxc7 Re2 23. a3 Nd3 24. Rf1 f6 25. Rc6 Rbe8 26. Rxa6 Nf4 27. Rf2
Bd3 28. Rd6 Rxf2 29. Kxf2 Re2+ 30. Kg1 Rxg2+ 31. Kh1 Rf2 32. Kg1 Nh3+ 33. Kh1 g5 0-1

[Event "50th World Juniors"]
[Site "Chennai IND"]
[Date "2011.08.02"]
[Round "1.6"]
[White "Ter-Sahakyan, Samvel"]
[Black "Botta, Gabriele"]
[Result "1-0"]
[WhiteTitle "GM"]
[BlackTitle "FM"]
[WhiteElo "2558"]
[BlackElo "2261"]
[WhiteFideId "13302531"]
[BlackFideId "1312120"]
[EventDate "2011.08.02"]

1. e4 c6 2. d4 d5 3. exd5 cxd5 4. c4 Nf6 5. Nc3 g6 6. Qb3 Bg7 7. cxd5 O-O 8. Be2
Nbd7 9. Bf3 Nb6 10. Nge2 Bg4 11. Bxg4 Nxg4 12. a4 a5 13. O-O Qd6 14. Bf4 Qb4 15.
Qd1 Rfd8 16. d6 exd6 17. Nb5 Nf6 18. b3 Ne4 19. f3 Nc5 20. Rb1 1-0

[Event "50th World Juniors"]
[Site "Chennai IND"]
[Date "2011.08.02"]
[Round "1.9"]
[White "Das, Sayantan"]
[Black "Swiercz, Dariusz"]
[Result "1/2-1/2"]
[WhiteTitle "FM"]
[BlackTitle "GM"]
[WhiteElo "2246"]
[BlackElo "2553"]
[WhiteFideId "5034426"]
[BlackFideId "1126881"]
[EventDate "2011.08.02"]

1. e4 c5 2. Nf3 e6 3. d4 cxd4 4. Nxd4 a6 5. c4 Nf6 6. Nc3 Qc7 7. a3 b6 8. Be3
Bb7 9. f3 Be7 10. Be2 O-O 11. O-O d6 12. Re1 Nbd7 13. b4 Rac8 14. Nb3 Qb8 15.
Na4 Bd8 16. Kh1 Bc7 17. Nd4 Rfe8 18. Bg1 Ne5 19. c5 b5 20. cxd6 Bxd6 21. Nc5
Bxc5 22. bxc5 Nc6 23. Nxc6 Bxc6 24. Qd6 Red8 25. Qxb8 Rxb8 26. Red1 Rxd1 27.
Rxd1 Kf8 28. Be3 Nd7 29. Kg1 Ke7 30. Kf2 Rc8 31. Ke1 Bb7 32. Rc1 f6 33. h4 Ne5
34. Bf4 Bc6 35. g4 h6 36. Kf2 Bd7 37. h5 Be8 38. Be3 Nc6 39. Bd1 Bf7 40. Bb3 Na5
41. Ba2 Nc6 42. Rd1 Rd8 43. Rxd8 Nxd8 44. e5 fxe5 45. Bb1 Be8 46. Bd2 Nc6 47.
Be4 Kf6 48. Bc3 a5 49. Bxc6 Bxc6 50. Bxa5 g6 51. Bd2 gxh5 52. Bxh6 h4 53. Bd2
Kg6 54. Be3 Bb7 1/2-1/2

[Event "50th World Juniors"]
[Site "Chennai IND"]
[Date "2011.08.02"]
[Round "1.11"]
[White "Turqueza, Mari Joseph"]
[Black "Grandelius, Nils"]
[Result "0-1"]
[BlackTitle "GM"]
[WhiteElo "2235"]
[BlackElo "2542"]
[WhiteFideId "5204674"]
[BlackFideId "1710400"]
[EventDate "2011.08.02"]

1. d4 Nf6 2. c4 g6 3. Nc3 Bg7 4. e4 d6 5. Nf3 O-O 6. Be2 Nbd7 7. h3 e5 8. dxe5
dxe5 9. Bg5 c6 10. Qd2 Nc5 11. Rd1 Qxd2+ 12. Nxd2 Ne6 13. Be3 Nd4 14. Bd3 Rd8
15. Nb3 Nh5 16. Ne2 b6 17. Bxd4 exd4 18. g4 Nf6 19. f4 c5 20. e5 Nd7 21. Be4 Rb8
22. g5 Ba6 23. Nd2 b5 24. cxb5 Bxb5 25. b3 Nb6 26. Rc1 Rbc8 27. a4 Ba6 28. h4
Bf8 29. Kf2 c4 30. a5 Nd7 31. bxc4 Bb4 32. Nb3 d3 33. Bd5 dxe2 34. Kxe2 Nxe5 0-1

[Event "50th World Juniors"]
[Site "Chennai IND"]
[Date "2011.08.02"]
[Round "1.12"]
[White "Sethuraman, S.P."]
[Black "Narayanan, S.L"]
[Result "1/2-1/2"]
[WhiteTitle "GM"]
[WhiteElo "2529"]
[BlackElo "2233"]
[WhiteFideId "5021596"]
[BlackFideId "5058422"]
[EventDate "2011.08.02"]

1. e4 c5 2. Nf3 d6 3. d4 cxd4 4. Nxd4 Nf6 5. Nc3 a6 6. Be2 e5 7. Nb3 Be7 8. O-O
O-O 9. Re1 Be6 10. Bf3 Nbd7 11. a4 Rc8 12. a5 Nc5 13. Nd2 b5 14. axb6 Qxb6 15.
Nf1 Qb7 16. Qe2 Rfe8 17. Rd1 Bf8 18. Ne3 Bd7 19. Ned5 Nxd5 20. Nxd5 Bb5 21. Qe1
Nd7 22. c3 Nb6 23. Be2 Nxd5 24. Rxd5 Rc5 25. Ra5 Be7 26. Bxb5 axb5 27. Rxc5 dxc5
28. Be3 Bd8 29. Ra1 Bb6 30. f3 Ra8 31. Rxa8+ Qxa8 32. Qd1 h6 33. h4 Qc6 34. Qd5
Qf6 35. Bf2 c4 36. Bxb6 Qxb6+ 37. Kf1 Qb8 38. Ke2 Qe8 39. g3 Kh7 40. Kd2 f6 41.
f4 Qb8 42. Ke3 Qa7+ 43. Kf3 Qa1 44. fxe5 Qf1+ 45. Ke3 Qe1+ 46. Kf3 Qf1+ 47. Ke3 1/2-1/2

[Event "50th World Juniors"]
[Site "Chennai IND"]
[Date "2011.08.02"]
[Round "1.13"]
[White "Kulkarni, Rakesh"]
[Black "Rasulov, Vugar Ural oglu"]
[Result "0-1"]
[BlackTitle "GM"]
[WhiteElo "2231"]
[BlackElo "2522"]
[WhiteFideId "5037077"]
[BlackFideId "13402390"]
[EventDate "2011.08.02"]

1. e4 c5 2. c3 b6 3. d4 Bb7 4. Bd3 Nf6 5. Nd2 e6 6. Ngf3 d5 7. e5 Nfd7 8. O-O
Be7 9. Ne1 Nc6 10. Nc2 h5 11. f4 g6 12. Nf3 a5 13. Ng5 Qc8 14. h3 Ba6 15. Be3 h4
16. Rf2 a4 17. Nxf7 Kxf7 18. Bxg6+ Kxg6 19. Qg4+ Kf7 20. f5 exf5 21. e6+ Ke8 22.
Qg7 Rf8 23. Bh6 Kd8 24. Bg5 Nf6 25. Rxf5 Qxe6 26. Re1 Qxf5 27. Rxe7 Nxe7 28. Ne3
Qb1+ 29. Kh2 Ke8 0-1

[Event "50th World Juniors"]
[Site "Chennai IND"]
[Date "2011.08.02"]
[Round "1.15"]
[White "Aravindh, Chithambaram VR."]
[Black "Huschenbeth, Niclas"]
[Result "0-1"]
[BlackTitle "IM"]
[WhiteElo "2212"]
[BlackElo "2521"]
[WhiteFideId "5072786"]
[BlackFideId "24604747"]
[EventDate "2011.08.02"]

1. e4 c5 2. Nf3 d6 3. d4 cxd4 4. Nxd4 Nf6 5. Nc3 a6 6. Be2 Nbd7 7. g4 h6 8. h4
b5 9. a3 Bb7 10. f3 Qc7 11. Be3 Nb6 12. Qd2 Nfd7 13. Nb3 Rc8 14. Kf2 e6 15. Rac1
d5 16. Na5 Ba8 17. exd5 Bxd5 18. Bf4 Bc5+ 19. Kg2 Bd6 20. Bxd6 Qxd6 21. Rhd1 O-O
22. Qe3 f5 23. g5 f4 24. Qd4 Qe7 25. gxh6 Rf6 26. h7+ Kh8 27. Bd3 Rh6 28. Qxf4
Rf8 29. Nxd5 Nxd5 30. Qg5 Qf7 31. Be4 N7f6 32. Rf1 Rh5 33. Qg3 Ne3+ 34. Kh3 Nxe4
35. fxe4 Nxf1 36. Qg4 Qf2 37. Qxh5 Qg3# 0-1

[Event "50th World Juniors"]
[Site "Chennai IND"]
[Date "2011.08.02"]
[Round "1.17"]
[White "Kathmale, Sameer"]
[Black "Cori, Jorge"]
[Result "1/2-1/2"]
[BlackTitle "GM"]
[WhiteElo "2211"]
[BlackElo "2514"]
[WhiteFideId "5024498"]
[BlackFideId "3802272"]
[EventDate "2011.08.02"]

1. e4 e5 2. Nf3 Nc6 3. Bb5 Nf6 4. Qe2 d6 5. c3 a6 6. Ba4 Be7 7. h3 b5 8. Bc2 O-O
9. d3 Re8 10. Nbd2 d5 11. Nf1 Bf8 12. Bg5 Be6 13. Ne3 Be7 14. O-O d4 15. Bxf6
Bxf6 16. Ng4 Rc8 17. Bb3 Bxg4 18. hxg4 h6 19. a4 Qd7 20. axb5 axb5 21. Ra6 dxc3
22. bxc3 Ne7 23. g3 Rcd8 24. Rd1 c6 25. Kg2 Rf8 26. Ne1 Nc8 27. Nc2 g6 28. Nb4
Ne7 29. d4 exd4 30. e5 Bg7 31. cxd4 Qb7 32. Qf3 Kh8 33. Bxf7 Nd5 34. Nxd5 Rxf7
35. Rb6 Qa7 36. Ra1 Qxa1 37. Qxf7 Rf8 38. Qxg6 Qxd4 39. Nf6 Bxf6 40. Rb7 Be7 41.
Qxh6+ Kg8 42. Qg6+ Kh8 43. Qh6+ Kg8 44. Qg6+ Kh8 45. Qh5+ 1/2-1/2

[Event "50th World Juniors"]
[Site "Chennai IND"]
[Date "2011.08.02"]
[Round "1.18"]
[White "Piorun, Kacper"]
[Black "Gusain, Himal"]
[Result "1-0"]
[WhiteTitle "IM"]
[WhiteElo "2514"]
[BlackElo "2208"]
[WhiteFideId "1130420"]
[BlackFideId "5033861"]
[EventDate "2011.08.02"]

1. d4 d5 2. c4 e6 3. Nf3 Nf6 4. Bg5 Be7 5. e3 h6 6. Bh4 O-O 7. Bd3 b6 8. O-O Bb7
9. Qe2 Nbd7 10. Rd1 c5 11. Nc3 cxd4 12. exd4 Nh5 13. Bxe7 Qxe7 14. Nxd5 Bxd5 15.
cxd5 Nf4 16. Qe4 Nxd3 17. Qxd3 exd5 18. Rac1 Nf6 19. Ne5 Rac8 20. a3 Qb7 21. g4
Rxc1 22. Rxc1 Rc8 23. Rc2 Rc7 24. h4 Qc8 25. Rxc7 Qxc7 26. Qf5 Ne4 27. Kg2 Qe7
28. Qc8+ Kh7 29. Qf5+ Kg8 30. Qc8+ Kh7 31. f3 Nd6 32. Qc2+ Kg8 33. h5 Nb5 34.
Qd3 Nc7 35. f4 Qh4 36. Qf5 Qe7 37. Qc8+ Kh7 38. Qf5+ Kg8 39. g5 hxg5 40. fxg5
Ne6 41. Nf3 Qd6 42. Kf2 Nf8 43. Ne5 Qe6 44. Qf4 a6 45. Ng4 Qc8 46. Ne5 Qe6 47.
Kg3 f6 48. gxf6 Qxf6 49. Qxf6 gxf6 50. Ng4 Kg7 51. Ne3 Ne6 52. Nf5+ Kf7 53. Kf3
Ng5+ 54. Kf4 Ne6+ 55. Kg4 b5 56. b4 Nc7 57. Nd6+ Ke6 58. h6 f5+ 59. Kg5 Kxd6 60.
h7 Ne6+ 61. Kf6 1-0

[Event "50th World Juniors"]
[Site "Chennai IND"]
[Date "2011.08.02"]
[Round "1.19"]
[White "Shreyans, K. Shah"]
[Black "Pap, Gyula"]
[Result "1/2-1/2"]
[BlackTitle "GM"]
[WhiteElo "2203"]
[BlackElo "2513"]
[WhiteFideId "5029074"]
[BlackFideId "725323"]
[EventDate "2011.08.02"]

1. e4 c5 2. c3 d6 3. d4 Nf6 4. Bd3 g6 5. h3 Bg7 6. Nf3 O-O 7. O-O d5 8. exd5
Qxd5 9. c4 Qd8 10. d5 e6 11. dxe6 Bxe6 12. Be3 Qa5 13. Qb3 Na6 14. Nc3 Nb4 15.
Be2 Bf5 16. Rac1 Rfd8 17. g4 Bc8 18. Rfd1 Re8 19. a3 Nc6 20. Nb5 Ne4 21. Bd3 a6
22. Bxe4 axb5 23. cxb5 Rxe4 24. bxc6 bxc6 25. Ng5 c4 26. Rxc4 Re7 27. Re4 Qc7
28. Bb6 Qb7 29. Rd8+ Bf8 30. Qb4 Be6 31. Nxe6 fxe6 32. Rxa8 Qxa8 33. Bc5 Rb7 34.
Qc3 Bxc5 35. Qxc5 Rxb2 36. Rxe6 1/2-1/2

[Event "50th World Juniors"]
[Site "Chennai IND"]
[Date "2011.08.02"]
[Round "1.20"]
[White "Krejci, Jan2"]
[Black "Abhishek, Kelkar"]
[Result "1/2-1/2"]
[WhiteTitle "IM"]
[WhiteElo "2503"]
[BlackElo "2197"]
[WhiteFideId "322156"]
[BlackFideId "5019257"]
[EventDate "2011.08.02"]

1. d4 Nf6 2. c4 d6 3. Nc3 Nbd7 4. e4 e5 5. d5 Be7 6. Bd3 Nc5 7. Bc2 a5 8. Nf3
O-O 9. O-O b6 10. h3 Bd7 11. Be3 h6 12. a3 a4 13. Nd2 Qe8 14. f4 exf4 15. Bxf4
Nh7 16. Qb1 Kh8 17. Bh2 Bg5 18. Nf3 Be3+ 19. Kh1 Ng5 20. e5 dxe5 21. Nxe5 Nb3
22. Bxb3 axb3 23. Qd3 Bc5 24. Rae1 Nh7 25. Nxf7+ Qxf7 26. Rxf7 Rxf7 27. Nb5 Raf8
28. Nxc7 Bf5 29. Qe2 Ng5 30. Ne6 Re7 31. Bg1 Nxe6 32. Bxc5 bxc5 33. g4 Bh7 34.
dxe6 Bg8 35. Qh2 Bxe6 36. Kg1 Ref7 37. Qe2 Rf6 38. Rd1 Bg8 39. a4 Rf4 40. Rc1
Rd8 41. Qe3 Rdd4 42. Qxb3 Bxc4 43. Qb8+ Kh7 44. a5 Bd5 45. a6 Rf3 46. a7 Rdd3
47. Qe5 Rg3+ 48. Kf1 Rdf3+ 49. Ke2 Rg2+ 50. Ke1 Rg1+ 51. Ke2 Rg2+ 1/2-1/2

[Event "50th World Juniors"]
[Site "Chennai IND"]
[Date "2011.08.02"]
[Round "1.21"]
[White "Lokesh, P."]
[Black "Grover, Sahaj"]
[Result "0-1"]
[BlackTitle "IM"]
[WhiteElo "2194"]
[BlackElo "2496"]
[WhiteFideId "5023157"]
[BlackFideId "5021103"]
[EventDate "2011.08.02"]

1. e4 e6 2. d4 d5 3. Nd2 Nf6 4. e5 Nfd7 5. Bd3 c5 6. c3 Nc6 7. Ne2 cxd4 8. cxd4
f6 9. exf6 Nxf6 10. Nf3 Qc7 11. O-O Bd6 12. Bg5 O-O 13. Bh4 Ng4 14. Bg3 e5 15.
dxe5 Ngxe5 16. Nxe5 Bxe5 17. Nc3 Be6 18. Qh5 h6 19. Rae1 Bxg3 20. Rxe6 Bxf2+ 21.
Rxf2 Rxf2 22. Kxf2 Rf8+ 23. Ke1 Nb4 24. Qg6 d4 25. Ne2 Nxd3+ 26. Qxd3 Qa5+ 27.
Kd1 Qxa2 28. Nxd4 Qxb2 29. Rg6 Kh8 30. Nf3 Rc8 31. Nd2 Qc1+ 32. Ke2 Re8+ 33. Ne4
Qf4 34. Rd6 Qxe4+ 35. Qxe4 Rxe4+ 36. Kd3 Rb4 37. Kc3 a5 0-1

[Event "50th World Juniors"]
[Site "Chennai IND"]
[Date "2011.08.02"]
[Round "1.22"]
[White "Lalith, Babu M.R."]
[Black "Gahan, M.G."]
[Result "1-0"]
[WhiteTitle "IM"]
[WhiteElo "2495"]
[BlackElo "2188"]
[WhiteFideId "5024595"]
[BlackFideId "5027373"]
[EventDate "2011.08.02"]

1. Nf3 Nf6 2. c4 g6 3. Nc3 d5 4. d4 Bg7 5. Qb3 dxc4 6. Qxc4 O-O 7. e4 Nc6 8. Be2
Nd7 9. Be3 Nb6 10. Qd3 f5 11. Rd1 f4 12. Bc1 h6 13. h3 e5 14. d5 Nb4 15. Qb1 a5
16. b3 Qe7 17. Nb5 Na6 18. Ba3 Nb4 19. O-O Qd8 20. d6 c6 21. Nc7 Rb8 22. Bb2 Nd7
23. Ne6 Qe8 24. Nxf8 Kxf8 25. Qc1 c5 26. Bb5 Nc6 27. Rd5 Qd8 28. Ba3 Qb6 29. Qc4
Nb4 30. Bxb4 axb4 31. Bxd7 Bxd7 32. Nxe5 Bb5 33. Qxc5 Qxc5 34. Rxc5 Bxe5 35.
Rxb5 Bxd6 36. Rd1 Be7 37. Rd7 b6 38. Re5 Bc5 39. Red5 Ke8 40. Rh7 Ra8 41. Re5+ 1-0

[Event "50th World Juniors"]
[Site "Chennai IND"]
[Date "2011.08.02"]
[Round "1.23"]
[White "Navalgund, Niranjan"]
[Black "Salem, A.R. Saleh"]
[Result "1/2-1/2"]
[BlackTitle "GM"]
[WhiteElo "2188"]
[BlackElo "2493"]
[WhiteFideId "5030854"]
[BlackFideId "9301348"]
[EventDate "2011.08.02"]

1. d4 Nf6 2. c4 g6 3. Nf3 Bg7 4. g3 d5 5. cxd5 Nxd5 6. Bg2 Nb6 7. Nc3 Nc6 8. e3
e5 9. d5 Na5 10. e4 c6 11. Bg5 f6 12. Be3 Nac4 13. Bc1 cxd5 14. exd5 Bg4 15. h3
Bxf3 16. Qxf3 f5 17. O-O e4 18. Qe2 Bxc3 19. bxc3 Qxd5 20. f3 Qd3 21. Re1 Qxe2
22. Rxe2 O-O-O 23. Bg5 exf3 24. Bxf3 Rd3 25. Kf2 Nd5 26. Rae1 Kc7 27. Re8 Rxe8
28. Rxe8 Nd6 29. Rh8 Nxc3 30. Rxh7+ Kb6 31. Be3+ Kb5 32. Rh6 g5 33. Bxa7 Nde4+
34. Kg2 Rd2+ 35. Kg1 Rxa2 36. Rb6+ Kc4 37. Rxb7 Ra1+ 38. Kh2 Ra2+ 39. Kg1 Nxg3
40. Rc7+ Kd3 41. Rd7+ Kc2 42. Rc7 Kd2 43. Rd7+ Ke1 44. Re7+ Nce2+ 45. Kg2 Ne4
46. Bxe4 Nf4+ 47. Kg3 Ne2+ 48. Kg2 Nf4+ 49. Kg3 fxe4 50. Rxe4+ Kf1 51. Be3 Rg2+
52. Kf3 Nxh3 53. Ra4 g4+ 54. Rxg4 Rxg4 55. Kxg4 1/2-1/2

[Event "50th World Juniors"]
[Site "Chennai IND"]
[Date "2011.08.02"]
[Round "1.25"]
[White "Yashas, D."]
[Black "Goganov, Aleksey"]
[Result "0-1"]
[BlackTitle "IM"]
[WhiteElo "2184"]
[BlackElo "2489"]
[WhiteFideId "5030196"]
[BlackFideId "24109959"]
[EventDate "2011.08.02"]

1. e4 e6 2. b3 d5 3. Bb2 dxe4 4. Nc3 Nf6 5. g4 Bd7 6. Bg2 Bc6 7. Qe2 Na6 8.
O-O-O Qd7 9. g5 Nd5 10. Bxe4 Nc5 11. Bxd5 Bxd5 12. Nxd5 Qxd5 13. Nf3 Qe4 14.
Rhe1 Qxe2 15. Rxe2 Nd7 16. d4 Bd6 17. d5 O-O 18. dxe6 fxe6 19. Nd4 Rae8 20. Kb1
a6 21. Rxe6 Rxe6 22. Nxe6 Rxf2 23. Nxg7 Kf7 24. h4 Ne5 25. Nh5 Ng4 26. Bd4 Rh2
27. Rf1+ Kg6 28. Nf6 Rxh4 29. Nxg4 Rxg4 30. Bf6 Bf4 31. Rd1 h5 32. c4 h4 33. Rh1
Bxg5 34. Bc3 Rg2 35. Be5 c6 36. b4 Rg4 37. Kb2 Rxc4 38. Kb3 Rc1 39. Rh2 Kf5 40.
Bd6 Rf1 41. Ka4 Rf3 42. Bc7 h3 43. Ka5 Be3 44. a4 Kg4 45. Re2 Bf4 0-1

[Event "50th World Juniors"]
[Site "Chennai IND"]
[Date "2011.08.02"]
[Round "1.26"]
[White "Shyam, Sundar M."]
[Black "Soares, Erikson Roberto Mauricio"]
[Result "1/2-1/2"]
[WhiteTitle "IM"]
[WhiteElo "2478"]
[BlackElo "2181"]
[WhiteFideId "5019141"]
[BlackFideId "10100091"]
[EventDate "2011.08.02"]

1. e4 e6 2. d4 d5 3. Nd2 Nf6 4. e5 Nfd7 5. c3 c5 6. Bd3 Qb6 7. Ngf3 Nc6 8. O-O
cxd4 9. cxd4 Be7 10. Nb3 O-O 11. Qc2 f5 12. Bd2 h6 13. a4 a6 14. a5 Qd8 15. Qd1
Rf7 16. Rc1 Nf8 17. h3 g5 18. Nh2 Bd7 19. f4 Nb4 20. Bb1 Ba4 21. fxg5 hxg5 22.
Bc3 Nc6 23. Bc2 Bxb3 24. Bxb3 Nxa5 25. Bc2 Nc4 26. Qf3 Qb6 27. Ng4 Kg7 28. Kh1
Ng6 29. Nf6 Bxf6 30. exf6+ Rxf6 31. Qg3 g4 32. Rce1 Rh8 33. Kg1 gxh3 34. gxh3
Qd6 1/2-1/2

[Event "50th World Juniors"]
[Site "Chennai IND"]
[Date "2011.08.02"]
[Round "1.27"]
[White "Vasli, Aref"]
[Black "Roganovic, Milos"]
[Result "0-1"]
[BlackTitle "IM"]
[WhiteElo "2181"]
[BlackElo "2476"]
[WhiteFideId "417521"]
[BlackFideId "937614"]
[EventDate "2011.08.02"]

1. e4 c5 2. Nf3 Nc6 3. d4 cxd4 4. Nxd4 e5 5. Nb5 d6 6. a4 Be7 7. N1c3 a6 8. Na3
Nf6 9. Bg5 O-O 10. Bxf6 Bxf6 11. Nc4 Be6 12. Nd5 Bg5 13. c3 Ne7 14. h4 Bxd5 15.
hxg5 Bxe4 16. Bd3 Bg6 17. Bxg6 fxg6 18. Qxd6 Qxd6 19. Nxd6 Rad8 20. Rd1 Rf4 21.
O-O Rd7 22. Rfe1 Nc6 23. b4 Kf8 24. Rd3 Nd4 25. Rxd4 Rxd4 26. cxd4 Rxd6 27. dxe5
Rd4 28. Rc1 Rxb4 29. Rc8+ Ke7 30. Rc7+ Ke6 31. f4 Rxf4 32. Rxb7 Rxa4 33. Rxg7 a5
34. Rxh7 Re4 35. Ra7 Rxe5 36. Ra6+ Kf5 37. Kf2 Kxg5 38. Kf3 Rb5 39. Kg3 Kf5 40.
Kf3 g5 41. Kg3 Ke4 42. Rd6 Rd5 43. Rc6 Kd4 44. Kg4 Rc5 0-1

[Event "50th World Juniors"]
[Site "Chennai IND"]
[Date "2011.08.02"]
[Round "1.28"]
[White "Rombaldoni, Axel"]
[Black "Lim, Zhuo Ren"]
[Result "1-0"]
[WhiteTitle "IM"]
[WhiteElo "2459"]
[BlackElo "2155"]
[WhiteFideId "815837"]
[BlackFideId "5702488"]
[EventDate "2011.08.02"]

1. e4 c5 2. Nf3 e6 3. d4 cxd4 4. Nxd4 Nf6 5. Nc3 Nc6 6. Nxc6 bxc6 7. Bd3 d5 8.
O-O Be7 9. b3 Bb7 10. Bb2 O-O 11. Qe2 d4 12. Nb1 e5 13. Nd2 Nd7 14. Nc4 Qc7 15.
c3 Bc5 16. b4 dxc3 17. Bxc3 Bd4 18. Rac1 c5 19. Ne3 Bxe3 20. Qxe3 c4 21. Ba1 Nb6
22. Be2 Qe7 23. f4 exf4 24. Rxf4 f6 25. Bd4 Qxb4 26. Bc5 Qb5 27. Bxf8 Rxf8 28.
e5 Nd5 29. Qd4 fxe5 30. Rxf8+ Kxf8 31. Qxe5 Qc6 32. Bxc4 Nf6 33. Qb8+ Ke7 34.
Re1+ Ne4 35. Qe5+ Kf8 36. Rf1+ Nf6 37. Qb8+ 1-0

[Event "50th World Juniors"]
[Site "Chennai IND"]
[Date "2011.08.02"]
[Round "1.29"]
[White "Sidhant, Mohapatra"]
[Black "Urkedal, Frode"]
[Result "0-1"]
[BlackTitle "IM"]
[WhiteElo "2155"]
[BlackElo "2448"]
[WhiteFideId "5028698"]
[BlackFideId "1506102"]
[EventDate "2011.08.02"]

1. e4 e5 2. Nf3 Nc6 3. Bb5 a6 4. Ba4 Nf6 5. Bxc6 dxc6 6. O-O Nxe4 7. Re1 Nc5 8.
Nxe5 Be7 9. d4 Ne6 10. c3 O-O 11. Be3 Bd6 12. f4 g6 13. Nd2 f6 14. Nd3 Ng7 15.
Ne4 Be7 16. Bf2 Qd5 17. Qc2 Qf7 18. b3 Bf5 19. Re3 Rae8 20. Rae1 Bc8 21. h3 Nf5
22. R3e2 Nd6 23. Bh4 Nxe4 24. Rxe4 Bf5 25. R4e3 Bd6 26. Bg3 Rxe3 27. Rxe3 c5 28.
Qc1 cxd4 29. cxd4 Rd8 30. Nc5 Qd5 31. Qc4 Qxc4 32. bxc4 Bf8 33. Nb3 Bb1 34. a4
Bc2 35. Bf2 Kf7 36. Rc3 Bd1 37. Re3 Bb4 38. d5 Re8 39. Rxe8 Kxe8 40. Nd4 Bxa4
41. Ne6 Bb3 42. c5 Ba5 43. c6 b5 44. Nc5 Bxd5 45. Nxa6 Bxc6 46. Bd4 f5 47. Be5
Bb6+ 48. Kf1 Kf8 49. g3 Bb7 0-1

[Event "50th World Juniors"]
[Site "Chennai IND"]
[Date "2011.08.02"]
[Round "1.30"]
[White "Kovalev, Vladislav"]
[Black "Prince, Bajaj"]
[Result "1/2-1/2"]
[WhiteTitle "FM"]
[BlackTitle "CM"]
[WhiteElo "2439"]
[BlackElo "2146"]
[WhiteFideId "13504398"]
[BlackFideId "5045150"]
[EventDate "2011.08.02"]

1. e4 c5 2. Nf3 e6 3. d4 cxd4 4. Nxd4 Nf6 5. Nc3 Nc6 6. Nxc6 bxc6 7. e5 Nd5 8.
Ne4 Bb7 9. Be2 c5 10. O-O Qc7 11. Nd6+ Bxd6 12. exd6 Qc6 13. Bf3 c4 14. b3 O-O
15. Bf4 Qc5 16. Bg3 Nc3 17. Qd2 Bxf3 18. Qxc3 Bd5 19. b4 Qc6 20. f3 Rfb8 21.
Rfb1 Qa4 22. Bf2 f6 23. Bc5 a5 24. a3 Qc6 25. Re1 Ra6 26. Rad1 axb4 27. Bxb4
Rab6 28. Re3 e5 29. Rde1 Be6 30. h4 Qd5 31. Re4 Rc6 32. g4 h5 33. Kh2 hxg4 34.
fxg4 Qb5 35. h5 Qb6 36. Kg3 Bd5 37. Rxe5 Bf7 38. Re7 Rxd6 39. Bxd6 Qxd6+ 40. Kh3
Be6 41. R7xe6 dxe6 42. Qxc4 Qxa3+ 43. c3 Qb3 44. Qxe6+ Qxe6 45. Rxe6 Rc8 46. Re3
Rc4 47. Rf3 Kh7 48. Rd3 Kh6 49. Kh4 Kh7 50. Re3 Kh6 51. Rf3 Kh7 52. Rd3 Kh6 53.
Rd8 1/2-1/2

[Event "50th World Juniors"]
[Site "Chennai IND"]
[Date "2011.08.02"]
[Round "1.31"]
[White "Jefic, Srdjan"]
[Black "Stany, G.A."]
[Result "0-1"]
[WhiteElo "2143"]
[BlackElo "2435"]
[WhiteFideId "14403080"]
[BlackFideId "5029104"]
[EventDate "2011.08.02"]

1. e4 e5 2. Nf3 Nc6 3. Bc4 Bc5 4. c3 Nf6 5. d3 d6 6. O-O a6 7. Bb3 Ba7 8. Nbd2
O-O 9. h3 Ne7 10. Re1 Ng6 11. Nf1 Nh5 12. Be3 Nhf4 13. d4 Qf6 14. Ng3 Be6 15.
Bc2 Ne7 16. Qd2 g5 17. Nh2 Kh8 18. Ng4 Bxg4 19. hxg4 Rg8 20. Rad1 Neg6 21. Nf5
Nh4 22. Nxh4 gxh4 23. Bxf4 Rxg4 24. Bh2 Rag8 25. f4 h3 26. Re2 exf4 27. e5 Qh4
28. Rf1 hxg2 29. Rc1 Qxh2+ 30. Kxh2 g1=Q+ 0-1